Un jardín de infantes mejor Siete propuestas
সংরক্ষণ করুন:
| প্রধান লেখক: | |
|---|---|
| বিন্যাস: | গ্রন্থ |
| ভাষা: | স্প্যানিশ |
| প্রকাশিত: |
Paidós.
1981.
|
| বিষয়গুলি: | |
| ট্যাগগুলো: |
ট্যাগ যুক্ত করুন
কোনো ট্যাগ নেই, প্রথমজন হিসাবে ট্যাগ করুন!
|
MARC
| LEADER | 00000nam a22000005a 4500 | ||
|---|---|---|---|
| 001 | 3909 | ||
| 003 | CL-ChBUA | ||
| 005 | 20120815102838.0 | ||
| 008 | 070301s1981 ag 000 0 spa | ||
| 040 | |a CL-ChBUA |c CL-ChBUA | ||
| 082 | 0 | 0 | |a 372.218 |
| 090 | |c 3909 |d 3909 | ||
| 100 | 1 | |a Bosch, Lidia P. de. | |
| 245 | 1 | 0 | |a Un jardín de infantes mejor Siete propuestas |
| 260 | |b Paidós. |c 1981. | ||
| 300 | |a 182 p. |c 18 cm. | ||
| 504 | |a Indice. | ||
| 650 | 4 | |a JARDINES DE INFANTES. | |
| 942 | |c LIB | ||
| 952 | |0 0 |1 0 |4 0 |7 0 |9 5740 |a UNACH |b UNACH |c 300 |d 2007-03-05 |i 26.465. |l 1 |m 2 |o 372.218 / J 37. c.2 |p 6739 |r 2019-03-18 00:00:00 |s 2017-04-17 |u 5740 |w 2012-08-08 |y LIB |k 372.218 / J 37. c.2 | ||
| 999 | |c 3909 |d 3909 | ||